| 000 | 00733nam a2200241 i 4500 | ||
|---|---|---|---|
| 001 | 16583 | ||
| 003 | ES-MaACL | ||
| 005 | 20250829034407.0 | ||
| 007 | t| | ||
| 008 | 001017s1997 sp |||| | spa j | ||
| 020 | _a84-921422-2-7 | ||
| 080 | _a821.134.2-31"19" | ||
| 100 | 1 |
_aCarranque de Ríos, Andrés. _9179997 |
|
| 245 | 1 | 0 |
_aCinematógrafo / _cAndrés Carranque de Ríos ; introducción de Antonio Muñoz Molina. |
| 250 | _a1ª ed. | ||
| 260 |
_aMadrid : _bViamonte, _c1997. |
||
| 300 |
_a384 p. : _b1 retr. ; _c22 cm. |
||
| 490 | 1 |
_aReencuentros ; _v4 |
|
| 700 | 1 |
_aMuñoz Molina, Antonio, _d1956- _984461 |
|
| 830 | 0 |
_aReencuentros ; _v4 _9179998 |
|
| 852 |
_aES-MaACL _jL-23839 |
||
| 999 |
_c16583 _d16583 |
||